000 01123cab a2200193 4500
001 ##L133050
008 060405n2006 000 0 eng u
035 _a(Sirsi) u133050
041 0 _aeng
100 1 _aMather, Andy
245 0 0 _aAccess road
260 _c2006
490 0 _aRIBA Journal
_v113(4) 4 April 2006, 80(1)
520 _aExplains how the Freedom of Information Act 2000 can be used in connection with construction disputes, by obtaining early disclosure of information from the opposing side, or relevant documentation from a public authority which is not involved in the dispute. This may be particularly useful in adjudication proceedings, where there is generally no obligation on a party to disclose relevant documents. Warns that there are a number of exemptions which can be claimed, and that there is no quick way to challenge a refusal to supply documentation.
590 _aIKA110406
650 2 4 _aFREEDOM OF INFORMATION ACT 2000
690 _aMANAGEMENT-DISPUTE AVOIDANCE, MANAGEMENT AND RESOLUTION-DISPUTE MANAGEMENT AND RESOLUTION-ALTERNATIVE DISPUTE RESOLUTION-ADJUDICATION
942 _n0
999 _c76771
_d76771